000 00334nam a22001457a 4500
008 230125b ||||| |||| 00| 0 eng d
020 _a0824313240
041 _aeng
080 _2VOLUME24
_a616
082 _a616COO
100 _a14
101 _aPATOFILO
245 _aANNUAL REVIEW OF PHYTOPATHOLOGY
_cCOOK J R
942 _2udc
_cBK
999 _c59281
_d59281